| 000 | 00505nam a22001817a 4500 | ||
|---|---|---|---|
| 005 | 20251108170940.0 | ||
| 008 | 250721s1986 xx 000 0 ara d | ||
| 082 | 1 | 4 | _a641.1/محم |
| 100 | 1 | _aالحاج، محمد علي | |
| 245 | 1 | 0 | _aغذاؤك حياتك / |
| 250 | _aط4 . ، مزيدة منقحة | ||
| 264 | 1 |
_aبيروت : _bدار مكتبة الحياة، _c1986. |
|
| 300 | _a510ص : مص | ||
| 650 | 1 | 7 | _aالغذاء |
| 650 | 1 | 7 | _aالتغذية |
| 942 |
_2ddc _cBK |
||
| 999 |
_c52811 _d52811 |
||